• 首页
  • 本馆介绍
  • 公告通知
  • 最新文献
  • 馆藏检索
  • 电子资源
  • 读者导购
  • 参考咨询
  • 我的图书馆
  • 登录
  • 详细信息显示
  • 放入我的书架
  • 预约/预借图书
  • 作者相关作品
  • 分类相关作品
  • 丛书相关作品
  • 出版社相关作品

书目信息

  • 表格格式
  • 工作单格式
  • 卡片格式
题名:
信息化时代财务工作现状与发展
    
 
作者: 楚冬梅 , 姚水平 , 谢苏闽 著
分册:  
出版信息: 哈尔滨   哈尔滨出版社  2021
页数: 129页
开本: 24cm
丛书名:
单 册:
中图分类: F275-39
科图分类:
主题词: 信息技术--xin xi ji shu--应用--财务管理
电子资源:
ISBN: 978-7-5484-5518-9
000 00759nam0 2200241 450
001 2151086692
005 20211018173724.0
010    @a978-7-5484-5518-9@dCNY48.00
100    @a20210605d2021 em y0chiy0110 ea
101 0  @achi
102    @aCN@b230000
105    @ay z 000yy
106    @ar
200 1  @a信息化时代财务工作现状与发展@Axin xi hua shi dai cai wu gong zuo xian zhuang yu fa zhan@f楚冬梅,姚水平,谢苏闽著
210    @a哈尔滨@c哈尔滨出版社@d2021
215    @a129页@d24cm
606 0  @a信息技术@Axin xi ji shu@x应用@x财务管理
690    @aF275-39@v5
701  0 @a楚冬梅@Achu dong mei@4著
701  0 @a姚水平@Ayao shui ping@4著
701  0 @a谢苏闽@Axie su min@4著
801  0 @aCN@b百万庄@c20211016
905    @b1309308-311@dF275-39@e1832@f4
    
    信息化时代财务工作现状与发展/楚冬梅,姚水平,谢苏闽著.-哈尔滨:哈尔滨出版社,2021
    129页;24cm
    
    
    ISBN 978-7-5484-5518-9:CNY48.00
    
●
相关链接 在E读中查询图书 在五车中查询图书 在当当中查询图书 在豆瓣中查询图书


正题名:信息化时代财务工作现状与发展     索取号:F275-39/1832         预约/预借

序号 登录号 条形码 馆藏地/架位号 状态 备注
1 1309308   213093089   第一样本阅览室/ [索取号:F275-39/1832] 在馆    
2 1309309   213093098   第一借阅区/ [索取号:F275-39/1832] 在馆    
3 1309310   213093105   第一借阅区/ [索取号:F275-39/1832] 在馆    
4 1309311   213093114   第一借阅区/ [索取号:F275-39/1832] 在馆    
唐山师范学院图书馆 欢迎您!
大连网信软件有限公司© 版权所有